[Event "73rd MNE-ch 2021"]
[Site "Podgorica"]
[Date "2021.05.03"]
[Round "1.1"]
[White "Djukic, Nikola"]
[Black "Djokovic, Mirsad"]
[Result "1-0"]
[WhiteElo "2515"]
[BlackElo "2127"]
[Annotator "ChessBase"]
[PlyCount "41"]
[EventDate "2021.05.03"]
[EventType "swiss"]
[EventCountry "MNE"]
[SourceTitle "playchess.com"]
[Source "ChessBase"]
[SourceQuality "1"]

1. e4 c5 2. Nf3 d6 3. d4 cxd4 4. Nxd4 Nf6 5. Nc3 g6 6. Be3 Bg7 7. f3 Nc6 8. Bc4 O-O 9. Bb3 Nd7 10. h4 Nb6 11. h5 Ne5 12. hxg6 hxg6 13. Qe2 a5 14. g4 Re8 15. Bg5 Nxg4 16. fxg4 Bxd4 17. Qh2 e6 18. Bxd8 Rxd8 19. O-O-O Be3+ 20. Kb1 a4 21. Qh8# 1-0

[Event "73rd MNE-ch 2021"]
[Site "Podgorica"]
[Date "2021.05.03"]
[Round "1.2"]
[White "Pobor, Milo"]
[Black "Blagojevic, Dragisa"]
[Result "1-0"]
[WhiteElo "2071"]
[BlackElo "2481"]
[Annotator "TA"]
[PlyCount "107"]
[EventDate "2021.05.03"]
[EventType "swiss"]
[EventCountry "MNE"]
[SourceTitle "playchess.com"]
[Source "ChessBase"]
[SourceQuality "1"]

{[%evp 9,107,14,22,16,19,19,24,18,19,17,25,15,25,20,10,20,27,-5,0,-9,-18,-12,0,-39,-37,-30,0,0,-10,-40,-24,-17,-10,-23,0,0,0,0,0,0,0,-31,-12,-4,-15,-47,-48,-54,-52,-52,-46,-36,-39,-31,-24,-47,0,0,0,0,0,0,0,0,6,0,0,-63,-54,-85,-86,-78,-72,-109,-132,-126,-105,-162,-167,-216,-123,-161,-101,-112,-101,-162,-154,-929,0,0,0,0,5285,2835,29991,29992,29993,29993,29998,29999]} 1. e4 e5 2. Nf3 Nc6 3. Nc3 Nf6 4. Bb5 Bd6 5. d3 a6 6. Ba4 {C48: Four Knights: 4 Bb5, replies other than 4...Bb4.} O-O 7. O-O h6 8. a3 {White has an edge.} Re8 9. h3 Bf8 10. Bb3 d6 11. Be3 Be6 12. Bxe6 Rxe6 {[#]} 13. d4 $146 ({Predecessor:} 13. Nd5 Nb8 14. c4 Nbd7 15. b4 c6 16. Nc3 Re8 17. Qb3 Be7 18. Rad1 Qc7 19. Rfe1 {½-½ (30) Nepomniachtchi,I (2776)-Tomashevsky,E (2718) Khanty Mansiysk 2019}) 13... exd4 14. Nxd4 Nxd4 15. Qxd4 c6 16. Bf4 Qe7 {[%cal Rf6e4]} 17. f3 Rd8 18. Rad1 d5 19. Kh1 Rd7 {[%cal Rd5e4]} 20. e5 Nh7 21. Bh2 f6 {[%cal Rf6e5]} 22. f4 fxe5 23. fxe5 Ng5 24. Ne2 {Hoping for Nf4.} Qe8 $1 25. Qg4 Rf7 26. Nd4 Rg6 27. Bf4 Kh7 28. Qe2 {With the idea Bxg5.} Ne4 {White must now prevent ...Rxf4!} 29. Bh2 Bc5 30. Rxf7 Qxf7 31. Rf1 Qe8 32. Nb3 Bb6 33. Nd2 Nxd2 34. Qxd2 Re6 35. Qd3+ Kg8 36. Qb3 Qd8 37. Qf3 {And now Qf7+ would win.} Qe7 38. Qb3 (38. c4 $11) 38... Bd4 $15 39. Re1 b5 $40 {[%mdl 128] Black goes for the king.} (39... Bxe5 40. Qe3 $16) 40. a4 Qh4 (40... Bxe5 $2 41. Qe3 $18) 41. Bg3 Qg5 42. axb5 axb5 43. Qd3 (43. Kh2 $17 {was called for.}) 43... Bxb2 $19 ({Weaker is} 43... Bxe5 44. Qe3 $1 $16) 44. c3 Ba3 ({Black should try} 44... Qg6 $1 $19 {[%cal Rg6d3]} 45. Qf3 d4 46. cxd4 Bxd4) 45. Ra1 {[#]} Bc5 (45... Qg6 $1 $19 46. Qf3 Bc5) 46. Ra8+ $17 Kf7 {( -> ...Qc1+)} 47. h4 (47. Kh2 $17) 47... Qe3 $19 {[%csl Gc5][%cal Re3g1]} 48. Qf1+ {[#]} (48. Qf5+ $17 Rf6 49. Qd7+ Kg6 50. Ra1 Qxc3 51. Rd1 Qxg3 52. h5+ Kh7 53. exf6) 48... Kg6 $2 (48... Rf6 $1 $19 {[%cal Rf6f1][%mdl 512]} 49. Qe1 Qxe1+ 50. Bxe1 Rf1+ {[%mdl 64] Double Attack} 51. Kh2 Rxe1) 49. h5+ $1 $11 Kg5 ({Don't go for} 49... Kxh5 $2 50. Qf5+ Qg5 51. Qh3+ (51. Qxe6 Qxg3 52. Qh3+ Qxh3+ 53. gxh3 d4 $11) 51... Kg6 52. Qxe6+ $18) 50. Kh2 {aiming for Qf7.} g6 $2 {[%mdl 8192] [#]} (50... Qe4 $11 51. Rg8 Re7) 51. Qf7 $1 $18 {[%cal Rf7e6]} Qg1+ 52. Kh3 {White mates.} Qh1+ 53. Bh2 Qd1 54. Qf4+ {Weighted Error Value: White=0.32/Black=0.40} 1-0

[Event "73rd MNE-ch 2021"]
[Site "Podgorica"]
[Date "2021.05.03"]
[Round "1.3"]
[White "Draskovic, Luka"]
[Black "Karisik, Nenad"]
[Result "1-0"]
[WhiteElo "2472"]
[BlackElo "2123"]
[Annotator "TA"]
[PlyCount "153"]
[EventDate "2021.05.03"]
[EventType "swiss"]
[EventCountry "MNE"]
[SourceTitle "playchess.com"]
[Source "ChessBase"]
[SourceQuality "1"]

{[%evp 23,153,39,45,22,21,8,73,77,71,49,62,56,41,21,66,-73,-69,-76,48,68,66,40,37,45,88,88,98,91,135,112,103,110,111,95,106,102,102,101,107,99,104,83,83,77,73,64,41,39,425,425,479,479,505,505,505,498,574,573,682,682,656,632,5264,3259,1204,1166,1208,5148,6172,3479,5984,6485,5092,3015,4222,3410,1484,1245,1017,1017,1008,972,895,895,29954,29958,29958,29959,29959,29960,29962,29965,29959,29963,29963,29965,29970,29971,29971,29969,29968,29967,29969,29970,29970,29970,29970,29971,29971,29972,29973,29970,29969,29971,29970,29971,29971,29972,29973,29973,29972,29974,29978,29979,29979,29980,29980,29981,29981,29982,29983,29984]} 1. e4 c5 2. Nf3 d6 3. d4 cxd4 4. Nxd4 Nf6 5. f3 e6 6. c4 a6 7. Nc3 Be7 8. Be3 b6 9. Be2 Bb7 10. O-O O-O 11. Qd2 Qc7 12. a4 Nbd7 13. a5 {A31: Symmetrical English: 2 Nf3 Nf6 3 d4.} bxa5 14. Nb3 Rab8 (14... d5 $11) 15. Nxa5 $16 {White is better.} Ba8 16. Rfb1 d5 17. cxd5 exd5 18. exd5 (18. Nxd5 $2 Nxd5 19. Qc1 (19. exd5 $2 Bb4 $19) 19... Qxc1+ 20. Bxc1 Bc5+ 21. Kf1 Ne3+ 22. Bxe3 Bxe3 $19) 18... Bd6 {[#]} 19. f4 $146 (19. Kh1 $14) ({Predecessor:} 19. Kh1 Rb4 20. f4 Nc5 21. Bf3 h5 22. Ra3 Ng4 23. Nc6 Nxe3 24. Qxe3 Rxf4 25. b4 {1-0 (40) Gvetadze,S (2361)-Jurkovic,H (2430) Rijeka 2008}) 19... Rfe8 $1 $17 {[%cal Re8e3] Strongly threatening ...Rxe3!} 20. Kh1 ({Avoid the trap} 20. Bxa6 $2 Rxe3 $1 {[%mdl 512]} 21. Kh1 (21. Qxe3 $2 Bc5 $19) 21... Bxf4 $19) 20... Rxe3 21. Qxe3 $14 {aiming for Nc4.} Bxf4 22. Qh3 (22. Qf3 $5 {[%cal Ra5c6]} Bxh2 23. Nc6 $16 (23. Bxa6 Ne5 $11)) 22... Nxd5 23. Bf3 N7f6 {[%cal Bd7f6,Bf6d5,Bd5e3][%mdl 32] [#]} 24. Nxd5 $1 Nxd5 25. Rd1 Ne3 26. Rd7 Qc2 27. Bxa8 Rxa8 28. Qf3 Rf8 29. Nc6 $40 {[%mdl 128] White wants a kill.} Qxb2 30. Rg1 Qf6 31. g3 Bg5 32. Qxf6 (32. Ne7+ {keeps more tension.} Kh8 33. Qxf6 Bxf6 34. Re1 Ng4 35. Nd5) 32... Bxf6 33. Re1 Nf5 34. Rd5 g6 35. g4 Rc8 $2 {[%mdl 8192] [#] Black cannot hold the game after this.} 36. Rc1 $1 $18 Rxc6 37. Rxc6 Ne7 38. Rd8+ ({Not} 38. Rxf6 Nxd5 39. Rxa6 Kf8 $18) 38... Kg7 39. Rxa6 h5 40. Rdd6 Bg5 41. gxh5 gxh5 42. Ra5 f6 43. Rd7 Kf7 44. Raa7 f5 45. Ra6 Bf6 46. Kg2 Bg5 47. Kf3 Ke8 48. Rb7 Kf7 49. h3 Kg7 50. Ke2 Kf7 51. Kd3 Kg7 52. Re6 Kf7 53. Re5 Kf8 {[#]} 54. Rbxe7 $1 {White mates.} Bxe7 55. Rxf5+ {[%mdl 4096] Endgame KR-KB} Kg7 56. Rxh5 Bf6 57. Ke4 Kg6 58. Rb5 Bg5 59. Rb6+ Kg7 60. Kf5 Be3 61. Rb3 Bd2 62. Kg4 Bc1 63. Kh5 Bd2 64. Rb7+ Kf6 65. Rb2 Bc1 66. Rg2 Be3 67. Rg6+ Kf7 68. Rg3 Bd2 69. Rg2 Bc1 70. Rg4 Be3 71. Kh4 Bd2 72. Kg3 Bc1 73. Kf3 Kf6 74. Ke4 Bd2 75. h4 Bc1 76. h5 Kf7 77. Kf5 {Weighted Error Value: White=0.14/Black=0.42} 1-0

[Event "73rd MNE-ch 2021"]
[Site "Podgorica"]
[Date "2021.05.03"]
[Round "1.4"]
[White "Abramovic, Dragoljub"]
[Black "Kalezic, Blazo"]
[Result "0-1"]
[WhiteElo "2012"]
[BlackElo "2456"]
[Annotator "RC"]
[PlyCount "74"]
[EventDate "2021.05.03"]
[EventType "swiss"]
[EventCountry "MNE"]
[SourceTitle "playchess.com"]
[Source "ChessBase"]
[SourceQuality "1"]

1. Nf3 d5 2. e3 Nf6 3. b3 g6 4. Bb2 Bg7 5. Be2 O-O 6. O-O c5 7. Ne5 Nfd7 8. f4 Nxe5 9. Bxe5 Bxe5 10. fxe5 Nc6 11. d4 cxd4 12. exd4 Qb6 13. c3 Nxe5 14. Kh1 Nd7 15. Qe1 Nf6 16. Bd3 Qc7 17. Na3 Be6 18. Qd2 Kg7 19. Rae1 Rfd8 20. Nb1 Rac8 21. Rf4 Rh8 22. Ref1 a6 23. Qf2 Qd8 24. h3 b5 25. g4 g5 26. Rf3 h5 27. Qe3 hxg4 28. Qxg5+ Kf8 29. Re3 Qd6 30. Bf5 Rh5 31. Qxh5 Nxh5 32. Bxe6 Ng3+ 33. Rxg3 Qxe6 34. Rxg4 Ke8 35. Rg3 b4 36. cxb4 Qe4+ 37. Rgf3 Rc1 0-1

[Event "73rd MNE-ch 2021"]
[Site "Podgorica"]
[Date "2021.05.03"]
[Round "1.5"]
[White "Tomic, Aleksandar"]
[Black "Dedeic, Huso"]
[Result "1-0"]
[WhiteElo "2377"]
[BlackElo "1980"]
[Annotator "NA"]
[PlyCount "85"]
[EventDate "2021.05.03"]
[EventType "swiss"]
[EventCountry "MNE"]
[SourceTitle "playchess.com"]
[Source "ChessBase"]
[SourceQuality "1"]

1. e4 d6 2. d4 Nf6 3. Nc3 g6 4. f4 c6 5. Nf3 Bg7 6. Bd3 O-O 7. Be3 Ng4 8. Bg1 Qb6 9. Rb1 Qc7 10. h3 Nf6 11. Bh2 c5 12. d5 c4 13. Be2 b5 14. e5 Nfd7 15. Nxb5 Qa5+ 16. Nc3 Nb6 17. O-O Bb7 18. Qd2 Nxd5 19. Nxd5 Qxd5 20. Qxd5 Bxd5 21. exd6 exd6 22. Rbd1 Be6 23. c3 d5 24. f5 Bxf5 25. Rxd5 Be6 26. Ra5 Rc8 27. Ng5 Nc6 28. Rc5 Nd4 29. Rxc8+ Rxc8 30. cxd4 Bxd4+ 31. Kh1 Bxb2 32. Nxe6 fxe6 33. Bg4 Rc6 34. Rf2 Bd4 35. Rc2 e5 36. Rxc4 Rxc4 37. Be6+ Kg7 38. Bxc4 Kf6 39. Bg1 Kf5 40. Bxd4 exd4 41. Kg1 Ke4 42. Kf2 d3 43. Bg8 1-0

[Event "73rd MNE-ch 2021"]
[Site "Podgorica"]
[Date "2021.05.03"]
[Round "1.6"]
[White "Jeknic, Velimir"]
[Black "Potpara, Nikola"]
[Result "0-1"]
[WhiteElo "1956"]
[BlackElo "2370"]
[Annotator "NA"]
[PlyCount "76"]
[EventDate "2021.05.03"]
[EventType "swiss"]
[EventCountry "MNE"]
[SourceTitle "playchess.com"]
[Source "ChessBase"]
[SourceQuality "1"]

1. e4 c5 2. Nf3 d6 3. d4 cxd4 4. c3 Nf6 5. e5 dxe5 6. Nxe5 Nbd7 7. Bb5 e6 8. O-O a6 9. Ba4 b5 10. Nxf7 Kxf7 11. Qf3 Ra7 12. Bb3 Nc5 13. cxd4 Bb7 14. Qh3 Nxb3 15. axb3 Bb4 16. Bg5 Qd5 17. Be3 Qf5 18. Qg3 Bd5 19. Nc3 Bxc3 20. bxc3 Qg4 21. h3 Qxg3 22. fxg3 Bxb3 23. d5 Raa8 24. d6 Rhd8 25. g4 Kg6 26. Bf4 Ne4 27. h4 h6 28. h5+ Kh7 29. Rfb1 Bd5 30. Kh2 Nxd6 31. g5 hxg5 32. Bxg5 Rdc8 33. Bf4 Ne4 34. Be5 Nf6 35. Kg3 Nxh5+ 36. Kh4 Kg6 37. g4 Rc4 38. Rb4 Nf6 0-1

[Event "73rd MNE-ch 2021"]
[Site "Podgorica"]
[Date "2021.05.03"]
[Round "1.7"]
[White "Podlesnik, Bogdan"]
[Black "Koljevic, Nikolina"]
[Result "1-0"]
[WhiteElo "2356"]
[BlackElo "1931"]
[Annotator "NA"]
[PlyCount "55"]
[EventDate "2021.05.03"]
[EventType "swiss"]
[EventCountry "MNE"]
[SourceTitle "playchess.com"]
[Source "ChessBase"]
[SourceQuality "1"]

1. e4 c6 2. d4 d5 3. Nc3 dxe4 4. Nxe4 Bf5 5. Ng3 Bg6 6. h4 h6 7. Nf3 Nd7 8. Bd3 Bxd3 9. Qxd3 e6 10. Bd2 Ngf6 11. O-O-O Be7 12. Qe2 Qc7 13. Kb1 c5 14. Rhe1 O-O 15. Ne4 Nxe4 16. Qxe4 Nf6 17. Qe2 c4 18. Ne5 Rac8 19. c3 b5 20. g4 Nd5 21. g5 hxg5 22. hxg5 Bd6 23. Rh1 g6 24. Nxg6 fxg6 25. Qxe6+ Qf7 26. Qxd6 b4 27. Rh6 Kg7 28. Qe5+ 1-0

[Event "73rd MNE-ch 2021"]
[Site "Podgorica"]
[Date "2021.05.03"]
[Round "1.8"]
[White "Lazarevic, Zoran V"]
[Black "Pecurica, Milos"]
[Result "0-1"]
[WhiteElo "2120"]
[BlackElo "2328"]
[Annotator "TA"]
[PlyCount "58"]
[EventDate "2021.05.03"]
[EventType "swiss"]
[EventCountry "MNE"]
[SourceTitle "playchess.com"]
[Source "ChessBase"]
[SourceQuality "1"]

{[%evp 19,58,10,24,-18,-2,-25,-34,-37,-20,-18,0,0,0,-1,0,0,10,-29,-16,-92,-89,-302,-306,-268,-301,-493,-488,-468,-495,-479,-483,-477,-477,-578,-585,-968,-937,-29976,-29977,-2709,-2461]} 1. e4 c5 2. Nf3 d6 3. d4 cxd4 4. Nxd4 Nf6 5. Nc3 g6 6. Be2 Nc6 7. Be3 Bg7 8. O-O O-O 9. h3 Bd7 10. Qd2 Rc8 11. Nxc6 {B73: Sicilian Dragon: Classical System without 9 Nb3.} Bxc6 12. Bf3 Nd7 13. Bd4 {Black is slightly better.} Bxd4 14. Qxd4 {[#]} Qa5 $146 ({Predecessor:} 14... Qb6 15. Qxb6 Nxb6 16. Be2 Bd7 17. Rfd1 Rxc3 18. bxc3 Rc8 19. Rab1 Rxc3 20. Rb2 Rc7 {0-1 (46) Demeter,I (1997)-Kormos,A (2137) Hungary 2016}) 15. Bg4 f5 16. exf5 gxf5 17. Be2 {Bc4+ is the strong threat.} Qe5 18. Qh4 Qg7 $36 {[%csl Gc6][%cal Rg7g2][%mdl 2048] Black is more active.} 19. Bc4+ (19. Qg3 $11) 19... Kh8 $17 {[%csl Gc6][%cal Rg7g2]} 20. f3 $2 {This move loses the game for White.} (20. Bd5 $17 {was the only defense.}) 20... Ne5 $19 21. Be2 {[#]} Rf6 $1 ({Don't play} 21... Rg8 22. g4 $17) 22. Qf2 $2 (22. Kf2) 22... Rg8 {Hoping for ...Rg6!} 23. Kh2 Rg6 {[%cal Rg6g2]} 24. Rg1 Rg3 25. Rad1 Qg5 {Strongly threatening ...Qf4!} 26. Nd5 e6 27. f4 Qh4 {( -> ...Rxh3+!)} 28. Qe1 Bxd5 29. Rxd5 {[#]} Rxg2+ $3 {[%mdl 512] Weighted Error Value: White=1.05/Black=0.04} 0-1

[Event "73rd MNE-ch 2021"]
[Site "Podgorica"]
[Date "2021.05.03"]
[Round "1.9"]
[White "Nikac, Predrag"]
[Black "Petrovic, Slavko"]
[Result "1-0"]
[WhiteElo "2318"]
[BlackElo "1867"]
[Annotator "NA RC"]
[PlyCount "61"]
[EventDate "2021.05.03"]
[EventType "swiss"]
[EventCountry "MNE"]
[SourceTitle "playchess.com"]
[Source "ChessBase"]
[SourceQuality "1"]

1. e4 c5 2. Nf3 Nc6 3. d4 cxd4 4. Nxd4 d6 5. Nc3 Nf6 6. Bc4 e6 7. O-O Be7 8. Be3 Bd7 9. f4 a6 10. f5 Nxd4 11. Bxd4 e5 12. Be3 Bc6 13. Nd5 Nxd5 14. Bxd5 Qa5 15. b4 Qc7 16. Qg4 Bf6 17. Bb3 h5 18. Qf3 b5 19. Rfd1 Qb7 20. Rxd6 Bxe4 21. Qf2 Bc6 22. Rad1 Rc8 23. Bc5 h4 24. Bd5 Bxd5 25. R1xd5 Rc6 26. Qf3 Rxd6 27. Rxe5+ Bxe5 28. Qxb7 Rd1+ 29. Kf2 Bf6 30. Qc6+ Rd7 31. Qe4+ 1-0

[Event "73rd MNE-ch 2021"]
[Site "Podgorica"]
[Date "2021.05.03"]
[Round "1.11"]
[White "Musovic, Armin"]
[Black "Malisic, Miodrag"]
[Result "1-0"]
[WhiteElo "2258"]
[BlackElo "1839"]
[Annotator "NA"]
[PlyCount "73"]
[EventDate "2021.05.03"]
[EventType "swiss"]
[EventCountry "MNE"]
[SourceTitle "playchess.com"]
[Source "ChessBase"]
[SourceQuality "1"]

1. e4 e5 2. Nf3 Nc6 3. Nc3 d6 4. d4 Bg4 5. d5 Nd4 6. Be3 c5 7. dxc6 Nxc6 8. Bc4 a6 9. Nd5 Rc8 10. Bb6 Qd7 11. Bb3 Be7 12. Qd3 Be6 13. O-O Bd8 14. Be3 Nge7 15. Rad1 Nxd5 16. exd5 Bf5 17. dxc6 Rxc6 18. Qd2 O-O 19. Nxe5 dxe5 20. Qxd7 Bxd7 21. Rxd7 b5 22. Rfd1 Bc7 23. c3 Bb6 24. R1d6 Rxd6 25. Rxd6 Bxe3 26. fxe3 a5 27. Rd7 a4 28. Bd5 g6 29. a3 Kg7 30. e4 h5 31. Rb7 g5 32. Rxb5 f5 33. Rb7+ Kg6 34. exf5+ Kxf5 35. Rf7+ Rxf7 36. Bxf7 h4 37. Kf2 1-0

[Event "73rd MNE-ch 2021"]
[Site "Podgorica"]
[Date "2021.05.03"]
[Round "1.12"]
[White "Malisic, Miroslav"]
[Black "Sukovic, Andrej"]
[Result "0-1"]
[WhiteElo "1832"]
[BlackElo "2283"]
[Annotator "NA"]
[PlyCount "101"]
[EventDate "2021.05.03"]
[EventType "swiss"]
[EventCountry "MNE"]
[SourceTitle "playchess.com"]
[Source "ChessBase"]
[SourceQuality "1"]

1. e4 c5 2. c3 Nf6 3. e5 Nd5 4. d4 cxd4 5. cxd4 d6 6. Nf3 Nc6 7. Bc4 dxe5 8. dxe5 Ndb4 9. Qxd8+ Nxd8 10. Na3 a6 11. O-O b5 12. Bb3 Bb7 13. Nd4 e6 14. Rd1 Be7 15. Be3 Ndc6 16. Nxc6 Bxc6 17. Rac1 Bd5 18. Rc7 Bxb3 19. axb3 Nd5 20. Rb7 Rd8 21. Ra7 O-O 22. Rxa6 Nb4 23. Rad6 Bxd6 24. exd6 Rb8 25. Bc5 Nd5 26. b4 Rfc8 27. g3 f6 28. Nc2 Kf7 29. Ne3 Nb6 30. Ra1 Rb7 31. Ng2 Nd7 32. Rc1 Rb6 33. Rc3 Rbc6 34. Ne3 Nxc5 35. bxc5 Rxc5 36. Rd3 Rd8 37. Nd1 Rd5 38. Rxd5 exd5 39. Nc3 Rxd6 40. Nxb5 Rb6 41. Nc3 d4 42. Nd1 Ke6 43. Kf1 Kd5 44. Ke2 g5 45. Kd3 g4 46. Ke2 Ke4 47. Kd2 Kf3 48. Kd3 f5 49. b3 Rb4 50. Nb2 Rxb3+ 51. Kxd4 0-1

[Event "73rd MNE-ch 2021"]
[Site "Podgorica"]
[Date "2021.05.03"]
[Round "1.13"]
[White "Scekic, Veljko"]
[Black "Obadovic, Zeljko"]
[Result "1-0"]
[WhiteElo "2224"]
[BlackElo "1788"]
[Annotator "TA"]
[PlyCount "111"]
[EventDate "2021.05.03"]
[EventType "swiss"]
[EventCountry "MNE"]
[SourceTitle "playchess.com"]
[Source "ChessBase"]
[SourceQuality "1"]

{[%evp 9,111,77,142,111,106,106,103,87,131,131,159,152,192,79,108,100,187,120,115,116,105,96,198,170,178,175,170,175,177,176,175,160,177,165,202,192,182,182,247,208,197,168,159,162,159,130,130,120,182,182,182,182,201,201,201,201,215,208,217,204,217,201,202,182,187,176,227,225,218,226,267,266,266,266,266,266,1681,1506,5089,3741,4279,3647,6238,5628,6103,5811,1122,1122,29975,29976,29975,29976,29977,29978,29978,29979,29980,29981,29981,29982,29982,29983,29983,29984]} 1. Nf3 Nc6 2. d4 d5 3. c4 Nf6 4. cxd5 Qxd5 5. Nc3 Qd8 ({Black should try} 5... Qa5) 6. d5 {D07: Queen's Gambit: Chigorin Defence.} Nb8 7. e4 {Threatens to win with e5.} e6 8. Qa4+ {White is better.} Bd7 {[#]} 9. Qb3 {[%cal Rb3b7]} Qc8 {[#]} 10. Bc4 $146 ({Predecessor:} 10. Ng5 exd5 11. e5 Ne4 12. Ncxe4 dxe4 13. Qxf7+ Kd8 14. Ne6+ Bxe6 15. Bg5+ {1-0 (15) Perez Rosales,P (2054)-Fuentes Perez,N (1511) Gran Canaria 2015}) 10... exd5 11. exd5 (11. Bxd5 $6 Nxd5 12. exd5 (12. Qxd5 Bd6 $14) 12... Be7 $16) (11. Nxd5 $18 {Black must now prevent Bg5.} Be6 12. Nxf6+ gxf6 13. Bxe6 fxe6 14. e5) 11... Bd6 $16 12. Bg5 {Bxf6 is the strong threat.} Ng4 (12... O-O $16) 13. h3 (13. O-O $18) 13... Ne5 14. Nxe5 Bxe5 15. d6 Bxc3+ (15... O-O $16 {was necessary.}) 16. bxc3 O-O 17. Be7 $36 {[%mdl 2048] Keeping Black busy.} b5 18. Bd5 ({But not} 18. Bxb5 $6 Bxb5 19. Qxb5 Qe6+ 20. Kd2 Rc8 $16) 18... c6 19. Bxf8 cxd5 20. Be7 ({Worse is} 20. Qxd5 Qxc3+ 21. Ke2 Nc6 $17) 20... Na6 21. O-O Bc6 22. Rfe1 Nc5 23. Qd1 Ne4 (23... Qf5 {is a better defense.} 24. Qe2 f6) 24. Qd4 {Strongly threatening a4!} Qd7 25. a4 bxa4 26. c4 Nxd6 27. Bxd6 Qxd6 28. cxd5 {[%mdl 64] Overworked Piece} Qxd5 (28... Bb5 $16 29. Rac1 a6) 29. Qxd5 $18 Bxd5 30. Rxa4 {[%mdl 4096] Endgame KRR-KRB} Bc6 31. Ra5 a6 32. Rb1 {And now Rxa6! would win.} Be4 {[#]} 33. Rxa6 $3 {[%mdl 512]} Rf8 (33... Rc8 34. Rd1) 34. Rd1 h6 35. Rd7 Bf5 36. Re7 Rc8 37. g4 Bg6 (37... Be6 $142 38. f3 Kf8) 38. f4 Bd3 39. Raa7 Bc4 40. Rac7 Rxc7 41. Rxc7 {KR-KB} Bb3 42. Kf2 g6 $2 (42... f6 43. f5 h5) 43. Ke3 Kg7 44. Kd4 Kf6 45. Rc6+ Kg7 46. Ke5 Ba4 47. Rd6 Bb5 48. f5 gxf5 49. gxf5 {White mates.} Bc4 50. h4 h5 51. f6+ Kg6 52. Rd8 Be6 53. Rg8+ Kh7 54. Rg7+ Kh6 55. Kd6 Bc4 56. Ke7 {Weighted Error Value: White=0.11/Black=0.33} 1-0

[Event "73rd MNE-ch 2021"]
[Site "Podgorica"]
[Date "2021.05.04"]
[Round "2.1"]
[White "Musovic, Armin"]
[Black "Djukic, Nikola"]
[Result "0-1"]
[WhiteElo "2258"]
[BlackElo "2515"]
[Annotator "TA"]
[PlyCount "120"]
[EventDate "2021.05.03"]
[EventType "swiss"]
[EventCountry "MNE"]
[SourceTitle "playchess.com"]
[Source "ChessBase"]
[SourceQuality "1"]

{[%evp 26,120,-9,-10,-3,-11,-12,-12,-10,-28,-18,-10,-11,-17,-10,-13,0,0,0,-17,-10,-18,-4,-6,-6,-20,-34,-31,-14,-25,0,-39,-6,-12,0,0,0,0,0,-16,-31,-41,-41,-47,-47,-129,-50,-54,-50,-183,-154,-156,-150,-183,-146,-131,-183,-245,-183,-183,-183,-176,-175,-283,-281,-326,-293,-305,-305,-319,-306,-318,-333,-456,-450,-442,-360,-319,-331,-567,-525,-669,-613,-599,-537,-326,-258,-5189,-5623,-5495,-996,-29951,-12472,-12798,-12210,-5252,-4622]} 1. e4 c5 2. c3 Nf6 3. e5 Nd5 4. d4 cxd4 5. Nf3 Nc6 6. Bc4 Nb6 7. Bb3 d5 8. exd6 Qxd6 9. O-O Be6 10. Na3 dxc3 11. Bxe6 Qxd1 12. Rxd1 fxe6 13. Nb5 Rc8 14. Nxc3 {was the old line (14.bxc3).} g6 {B22: Sicilian: 2 c3.} 15. Re1 Nd5 {[#]} 16. Bd2 $146 ({Predecessor:} 16. Rxe6 Nxc3 17. bxc3 Bg7 18. Rb1 b6 19. Ba3 Bxc3 20. Rc1 Kd7 21. Re4 Bf6 22. h4 {0-1 (39) De Kleuver,E (2177)-L'Ami,E (2439) Dieren 2003}) 16... Nc7 {The position is equal.} 17. Bf4 Bg7 18. Bxc7 Rxc7 19. Rxe6 O-O 20. Rae1 Bxc3 21. bxc3 Rd8 22. h4 Rd3 23. c4 Rcd7 24. R6e4 Rd1 25. Kh2 Rxe1 26. Rxe1 $11 {[%mdl 4096] Endgame KRN-KRN} Rd3 27. Rb1 Rd7 28. Rb5 Kg7 29. Kg3 h6 30. a4 Rc7 31. Rd5 e6 32. Rd6 (32. Rc5 {seems wilder.} Rf7 33. Rb5 Ne7 34. c5 Nd5 35. Ra5) 32... Kf6 33. Nd4 Nxd4 34. Rxd4 $15 {KR-KR} Rc5 35. f4 (35. Rf4+ $15 Ke7 36. Rg4) 35... Ra5 (35... h5 $17 36. Kf3 Ra5) 36. Rd7 b6 37. Rc7 {Now White is beyond hope.} (37. h5 $1 $15) 37... Rxa4 38. c5 bxc5 39. Rxc5 Ra3+ 40. Kf2 h5 (40... Ra2+ $17 41. Kf3 h5) 41. Rg5 (41. Rc8 $142) 41... Ra1 42. Kg3 a6 {[%cal Ba7a6,Ba6a5,Ba5a4][%mdl 32]} 43. Kf2 a5 44. Kg3 (44. Kf3 $142) 44... a4 $19 45. Kh2 Rb1 46. Ra5 Rb4 47. g3 Ke7 48. Ra6 Kd7 49. Kh3 Re4 50. Kg2 Kc7 51. Kf3 {[#]} Kb7 $1 {[%mdl 512]} 52. Rd6 (52. Ra5 {was the only chance.} Rb4 53. Ke3) 52... Rb4 53. Rxe6 a3 54. Re1 Rb3+ 55. Ke4 Rxg3 56. Ke5 $2 {[#]} (56. Ra1) 56... Kb6 57. Ra1 Kb5 (57... Kc5 $142 58. f5 gxf5 59. Kxf5 Kb4 60. Rb1+ Kc3) 58. f5 gxf5 59. Kf4 Rg4+ 60. Kxf5 Ka4 {Weighted Error Value: White=0.60/Black=0.26} 0-1

[Event "73rd MNE-ch 2021"]
[Site "Podgorica"]
[Date "2021.05.04"]
[Round "2.1"]
[White "Djokovic, Mirsad"]
[Black "Vujadinovic, Zeljko"]
[Result "1-0"]
[WhiteElo "2127"]
[BlackElo "1859"]
[Annotator "NA"]
[PlyCount "97"]
[EventDate "2021.05.03"]
[EventType "swiss"]
[EventCountry "MNE"]
[SourceTitle "playchess.com"]
[Source "ChessBase"]
[SourceQuality "1"]

1. e4 d5 2. exd5 Qxd5 3. Nc3 Qd8 4. d4 c6 5. Bc4 Nf6 6. Nf3 e6 7. Qe2 Nbd7 8. O-O Nb6 9. Bb3 Be7 10. Bf4 Nbd5 11. Nxd5 cxd5 12. Ne5 O-O 13. Rfe1 Nd7 14. Nf3 Nf6 15. Rad1 a6 16. Ne5 Nd7 17. c4 dxc4 18. Bxc4 Nb6 19. Bb3 Nd5 20. Bg3 Bb4 21. Rf1 Be7 22. Bc2 Bd7 23. Nxd7 Qxd7 24. f4 g6 25. h4 h5 26. Be4 Qd8 27. f5 exf5 28. Bxd5 Bxh4 29. Bxh4 Qxh4 30. Bxb7 Rae8 31. Qf2 Qf6 32. d5 Qd6 33. Bc6 Re4 34. Rde1 Rg4 35. a3 h4 36. Re3 Rg3 37. Rxg3 hxg3 38. Qf4 Qc5+ 39. Kh1 Kg7 40. Qe5+ f6 41. Qc7+ Kh6 42. Qxg3 Rh8 43. Qf2 Kg7+ 44. Kg1 Qd6 45. g3 g5 46. Kg2 f4 47. gxf4 f5 48. Re1 gxf4 49. Qa7+ 1-0